Presentación de la Fundación Alfonso Comín (Record no. 5017)

MARC details
000 -LEADER
campo de control de longitud fija 01293njm a2200289 i 4500
001 - NÚMERO DE CONTROL
campo de control 5017
003 - IDENTIFICADOR DE NÚMERO DE CONTROL
campo de control ES-MaACL
005 - FECHA Y HORA DE LA ÚLTIMA TRANSACCIÓN
campo de control 20260301184726.0
007 - CAMPO FIJO DE DESCRIPCIÓN FÍSICA--INFORMACIÓN GENERAL
campo de control de longitud fija s|r|||||||||||
008 - DATOS DE LONGITUD FIJA--INFORMACIÓN GENERAL
campo de control de longitud fija 070911s1984 sp ||| g ||||||||1|nspa d
245 00 - MENCIÓN DEL TÍTULO
Título Presentación de la Fundación Alfonso Comín
Medio [Grabación sonora] /
Mención de responsabilidad, etc. intervienen Manuel Reyes Maté, José Luis Aranguren, Nicolás Sartorius, Joaquín Ruiz-Giménez y José María de Llanos.
260 ## - PUBLICACIÓN, DISTRIBUCIÓN, ETC.
Lugar de publicación, distribución, etc. Madrid :
Nombre del editor, distribuidor, etc. Ateneo de Madrid,
Fecha de publicación, distribución, etc. 1984.
300 ## - DESCRIPCIÓN FÍSICA
Extensión 1 disco (CD-DA) (1 h. 11 min. 47 seg.) ;
Dimensiones 12 cm.
500 ## - NOTA GENERAL
Nota general Datos basados en la invitación.
518 ## - NOTA DE FECHA/HORA Y LUGAR DE UN ACONTECIMIENTO
Nota de fecha/hora y lugar de un acontecimiento Acto organizado por el Ateneo de Madrid en colaboración con la Fundación Alfonso Comín, grabado en el salón de actos, el 7 de junio de 1984, a las 19:30 h.
610 04 - PUNTO DE ACCESO ADICIONAL DE MATERIA--NOMBRE DE ENTIDAD CORPORATIVA
Nombre de entidad corporativa o nombre de jurisdicción como elemento de entrada Ateneo de Madrid-
Subdivisión general Actos culturales-
Subdivisión cronológica 1984-
Subdivisión de forma Grabaciones sonoras
9 (RLIN) 1899
700 1# - ENTRADA AGREGADA--NOMBRE PERSONAL
Nombre de persona Reyes Maté, Manuel.
9 (RLIN) 96589
700 1# - ENTRADA AGREGADA--NOMBRE PERSONAL
Nombre de persona Aranguren, José Luis L.,
Fechas asociadas al nombre 1909-1996
9 (RLIN) 22315
700 1# - ENTRADA AGREGADA--NOMBRE PERSONAL
Nombre de persona Sartorius, Nicolás.
9 (RLIN) 103894
700 1# - ENTRADA AGREGADA--NOMBRE PERSONAL
Nombre de persona Ruiz-Giménez, Joaquín,
Fechas asociadas al nombre 1913-2009
9 (RLIN) 100820
700 1# - ENTRADA AGREGADA--NOMBRE PERSONAL
Nombre de persona Llanos, José María de.
9 (RLIN) 72709
710 2# - ENTRADA AGREGADA--NOMBRE DE ENTIDAD CORPORATIVA
Nombre de entidad corporativa o nombre de jurisdicción como elemento de entrada Ateneo de Madrid.
9 (RLIN) 1875
710 0# - ENTRADA AGREGADA--NOMBRE DE ENTIDAD CORPORATIVA
Nombre de entidad corporativa o nombre de jurisdicción como elemento de entrada Fundació Alfons Comín
9 (RLIN) 4199
852 ## - LOCALIZACIÓN
Ubicación ES-MaACL
Número de control de estantería ROT 5/7/13
itemnumber 5134
Ubicación en estantería Rotativo
942 ## - ELEMENTOS DE ENTRADA SECUNDARIOS (KOHA)
Fuente del sistema de clasificación o colocación Clasificación decimal universal
Holdings
Estatus retirado Estado de pérdida Fuente del sistema de clasificación o colocación Estado de daño No para préstamo Colección Biblioteca de origen Biblioteca actual Ubicación en estantería Fecha de adquisición Total de préstamos Signatura topográfica completa Código de barras Visto por última vez Precio de reemplazo Tipo de ítem Koha
    Clasificación decimal universal     Archivo de la palabra Biblioteca del Ateneo de Madrid Biblioteca del Ateneo de Madrid Rotativo 17/01/2008   ROT 5/7/13 1005080 23/02/2023 23/02/2023 Archivo de ordenador en CD-ROM, CD o disquete